| 000 | 00459nam a22001577a 4500 | ||
|---|---|---|---|
| 020 | _a9780414088115 | ||
| 082 | _a346.41066 DAV | ||
| 100 | _aDavies, Paul L. & Gower | ||
| 245 |
_aGower Principles of Modern Company Law / _cPaul L. Davies, & Gower |
||
| 250 | _a11th Edition. | ||
| 260 |
_aLondon : _bThomson Reuters, _c2021. |
||
| 300 |
_a1294 p. ; _c23 cm. |
||
| 942 |
_2ddc _cBK |
||
| 999 |
_c586929 _d586929 |
||